[Event "Game a Month op"]
[Site "Winnipeg CAN"]
[Date "2003.03.30"]
[Round "1"]
[White "Bist, Kent"]
[Black "Gibbons, Lorne"]
[Result "1-0"]
[WhiteElo "1708"]
[BlackElo "1353"]
[PlyCount "45"]
[EventDate "2003.03.30"]
[EventType "swiss"]
[EventRounds "2"]
[EventCountry "CAN"]
[Source "ChessBase"]
[SourceDate "2003.11.25"]

1. c4 Nf6 2. d4 d5 3. cxd5 Nxd5 4. e4 Nf6 5. Nc3 e6 6. Bg5 Bb4 7. e5 b6 8. Bxf6
gxf6 9. Nf3 f5 10. Bc4 c6 11. a3 Be7 12. O-O b5 13. Nxb5 cxb5 14. Bxb5+ Bd7 15.
Bxd7+ Qxd7 16. Rc1 Na6 17. b4 Bxb4 18. axb4 Nxb4 19. Qd2 Nc6 20. Rfd1 Rd8 21.
h3 h5 22. Qg5 Qe7 23. Rxc6 1-0

[Event "Game a Month op"]
[Site "Winnipeg CAN"]
[Date "2003.03.30"]
[Round "1"]
[White "Charles, Christopher"]
[Black "Anderson, Collin"]
[Result "0-1"]
[WhiteElo "1111"]
[BlackElo "1685"]
[PlyCount "56"]
[EventDate "2003.03.30"]
[EventType "swiss"]
[EventRounds "2"]
[EventCountry "CAN"]
[Source "ChessBase"]
[SourceDate "2003.11.25"]

1. e4 e6 2. f4 d5 3. Nf3 dxe4 4. Ne5 Nf6 5. Bc4 Bc5 6. c3 O-O 7. d4 exd3 8.
Nxd3 Bb6 9. Qf3 Nd5 10. Bxd5 exd5 11. Be3 Re8 12. Ne5 Bxe3 13. Qxe3 f6 14. O-O
fxe5 15. fxe5 Nc6 16. Nd2 Rxe5 17. Qf4 Rf5 18. Qe3 Bd7 19. Rf2 Rxf2 20. Qxf2
Qf8 21. Qh4 Qc5+ 22. Kh1 Rf8 23. Rf1 Rxf1+ 24. Nxf1 Qc4 25. Ne3 Qxh4 26. g3
Qe4+ 27. Ng2 Bh3 28. Kg1 Qxg2# 0-1

[Event "Game a Month op"]
[Site "Winnipeg CAN"]
[Date "2003.03.30"]
[Round "1"]
[White "Hou, Jeff"]
[Black "Lauritson, Jim"]
[Result "0-1"]
[WhiteElo "1387"]
[BlackElo "1914"]
[PlyCount "23"]
[EventDate "2003.03.30"]
[EventType "swiss"]
[EventRounds "2"]
[EventCountry "CAN"]
[Source "ChessBase"]
[SourceDate "2003.11.25"]

1. e4 c5 2. Nf3 e6 3. d4 cxd4 4. Nxd4 a6 5. a3 Nf6 6. Nc3 Qc7 7. Be3 Nc6 8. Be2
b5 9. b4 Nxb4 10. axb4 Qxc3+ 11. Kf1 Bb7 12. Qd2 0-1

[Event "Game a Month op"]
[Site "Winnipeg CAN"]
[Date "2003.03.30"]
[Round "1"]
[White "Shome, Devarshi"]
[Black "Still, Graham"]
[Result "1-0"]
[WhiteElo "1607"]
[BlackElo "1056"]
[PlyCount "41"]
[EventDate "2003.03.30"]
[EventType "swiss"]
[EventRounds "2"]
[EventCountry "CAN"]
[Source "ChessBase"]
[SourceDate "2003.11.25"]

1. e4 e6 2. d4 d5 3. e5 c5 4. c3 Nc6 5. Nf3 Qb6 6. Bd3 Bd7 7. O-O Nh6 8. Na3
cxd4 9. c4 Nb4 10. cxd5 Nxd5 11. Nc4 Qc5 12. Bd2 Bb5 13. Rc1 Bxc4 14. Rxc4 Qb6
15. Qa4+ Ke7 16. Rfc1 g6 17. Bg5+ f6 18. exf6+ Kf7 19. Qd7+ Kg8 20. Ne5 Bd6 21.
Qxe6+ 1-0

[Event "Game a Month op"]
[Site "Winnipeg CAN"]
[Date "2003.03.30"]
[Round "1"]
[White "Sigurdson, Matthew"]
[Black "Anderson, George"]
[Result "0-1"]
[WhiteElo "964"]
[BlackElo "1535"]
[PlyCount "74"]
[EventDate "2003.03.30"]
[EventType "swiss"]
[EventRounds "2"]
[EventCountry "CAN"]
[Source "ChessBase"]
[SourceDate "2003.11.25"]

1. e4 e6 2. d4 d5 3. e5 Bd7 4. Nf3 c5 5. c3 Qb6 6. a3 Bb5 7. Bxb5+ Qxb5 8. b4
cxd4 9. Nxd4 Qc4 10. Qb3 Qxb3 11. Nxb3 Nc6 12. Nd4 Nxe5 13. O-O Nf6 14. Bf4 Bd6
15. Nb5 Nf3+ 16. gxf3 Bxf4 17. Rd1 a6 18. Nd4 O-O 19. Ra2 Rac8 20. a4 Rc4 21.
b5 a5 22. Ne2 Bc7 23. Nd2 Rh4 24. Nf1 Rc8 25. Nfg3 Be5 26. Rc2 Rxa4 27. Rdd2 b6
28. Kg2 Rc5 29. Nd4 Bxd4 30. cxd4 Rxc2 31. Rxc2 Rc4 32. Rxc4 dxc4 33. Ne2 Nd5
34. Kf1 a4 35. Ke1 a3 36. Nc1 Nc3 37. Kd2 Nxb5 0-1

[Event "Game a Month op"]
[Site "Winnipeg CAN"]
[Date "2003.03.30"]
[Round "1"]
[White "Trueman, Francis"]
[Black "Gibbons, Michael"]
[Result "1-0"]
[WhiteElo "1479"]
[BlackElo "2106"]
[PlyCount "74"]
[EventDate "2003.03.30"]
[EventType "swiss"]
[EventRounds "2"]
[EventCountry "CAN"]
[Source "ChessBase"]
[SourceDate "2003.11.25"]

1. Nf3 f5 2. d3 Nf6 3. Nbd2 e6 4. g3 b6 5. Bg2 Bb7 6. O-O Be7 7. Re1 O-O 8. e4
Nc6 9. c3 f4 10. Nf1 fxg3 11. fxg3 Qe8 12. Bf4 Rc8 13. Qe2 e5 14. Bg5 h6 15.
Bxf6 Rxf6 16. Nh4 Bc5+ 17. Ne3 g5 18. Nhf5 Ne7 19. b4 Nxf5 20. bxc5 Nxe3 21.
Qxe3 Qe7 22. cxb6 cxb6 23. d4 Rfc6 24. Rac1 exd4 25. cxd4 Rxc1 26. Rxc1 Rxc1+
27. Qxc1 Bxe4 28. Bxe4 Qxe4 29. Qc8+ Kf7 30. Qxd7+ Qe7 31. Qf5+ Kg7 32. Qd3 Kf6
33. Kf2 Qd6 34. Qd2 Qd5 35. Kg1 Kf5 36. Kf2 Qh1 37. Qd3+ Qe4 1-0

[Event "Game a Month op"]
[Site "Winnipeg CAN"]
[Date "2003.03.30"]
[Round "1"]
[White "Vincent, Trevor"]
[Black "Taylor, Evan"]
[Result "1-0"]
[WhiteElo "1990"]
[BlackElo "1420"]
[PlyCount "47"]
[EventDate "2003.03.30"]
[EventType "swiss"]
[EventRounds "2"]
[EventCountry "CAN"]
[Source "ChessBase"]
[SourceDate "2003.11.25"]

1. c4 e6 2. Nf3 Nf6 3. g3 d5 4. Bg2 Be7 5. O-O O-O 6. b3 dxc4 7. bxc4 Nbd7 8.
d3 c6 9. Nc3 Qc7 10. Qc2 Re8 11. Rd1 Bf8 12. d4 Nb6 13. Bf4 Qd8 14. Ne5 g6 15.
e4 Bg7 16. c5 Nbd7 17. Nc4 Bf8 18. Nd6 Bxd6 19. Bxd6 Qa5 20. d5 cxd5 21. exd5
e5 22. Rab1 a6 23. c6 Nb6 24. Bc7 1-0

[Event "Game a Month op"]
[Site "Winnipeg CAN"]
[Date "2003.04.12"]
[Round "2"]
[White "Anderson, Collin"]
[Black "Babb, Jeff"]
[Result "1-0"]
[WhiteElo "1685"]
[BlackElo "2171"]
[PlyCount "121"]
[EventDate "2003.03.30"]
[EventType "swiss"]
[EventRounds "2"]
[EventCountry "CAN"]
[Source "ChessBase"]
[SourceDate "2003.11.25"]

1. d4 Nf6 2. c4 c5 3. d5 b5 4. cxb5 a6 5. b6 Bb7 6. Nc3 Qxb6 7. e4 e6 8. Nf3
Be7 9. Be2 O-O 10. O-O exd5 11. exd5 d6 12. Re1 Re8 13. a4 a5 14. Bb5 Nbd7 15.
Bg5 Qd8 16. Qd2 h6 17. Bh4 Nh5 18. Bxe7 Rxe7 19. Rxe7 Qxe7 20. Re1 Qd8 21. Ne4
Nb6 22. Nxc5 dxc5 23. Re8+ Qxe8 24. Bxe8 Rxe8 25. Qxa5 Nxd5 26. Qb5 Re7 27. h3
Nhf6 28. a5 Ba8 29. Qxc5 Re8 30. b4 Ne4 31. Qb5 Kf8 32. Nd4 g6 33. Qc4 Kg7 34.
b5 Nd2 35. Qc1 Ne4 36. Qb2 Kh7 37. b6 Bb7 38. Nb5 Nf4 39. Nc7 Rd8 40. Qa2 Rd1+
41. Kh2 Nd6 42. f3 Nd5 43. Nxd5 Bxd5 44. Qe2 Rd4 45. Qe5 Nf5 46. a6 Rd2 47. Qf4
Rb2 48. Qc7 Ne3 49. b7 Rxg2+ 50. Kh1 Rb2 51. Qf4 Rb1+ 52. Kh2 Rb2+ 53. Kg1 Rb1+
54. Kf2 Nd1+ 55. Ke2 Nc3+ 56. Kd3 Nb5 57. b8=Q Rb3+ 58. Kc2 Na3+ 59. Kd2 Rxb8
60. Qxb8 Bxf3 61. Qb3 1-0

[Event "Game a Month op"]
[Site "Winnipeg CAN"]
[Date "2003.04.12"]
[Round "2"]
[White "Anderson, George"]
[Black "Vincent, Trevor"]
[Result "0-1"]
[WhiteElo "1535"]
[BlackElo "1990"]
[PlyCount "45"]
[EventDate "2003.03.30"]
[EventType "swiss"]
[EventRounds "2"]
[EventCountry "CAN"]
[Source "ChessBase"]
[SourceDate "2003.11.25"]

1. b4 Nf6 2. Bb2 e6 3. b5 b6 4. c4 Bb7 5. Nf3 Be7 6. Nc3 O-O 7. Qc2 c5 8. e4 d5
9. cxd5 exd5 10. Bd3 c4 11. Be2 d4 12. Nd5 Bxd5 13. exd5 d3 14. Qxc4 dxe2 15.
Bxf6 Bxf6 16. d4 Re8 17. Rb1 Nd7 18. Rc1 Be7 19. Nd2 Nf6 20. Kxe2 Ba3+ 21. Kd3
Bxc1 22. Rxc1 Nxd5 23. Nf3 0-1

[Event "Game a Month op"]
[Site "Winnipeg CAN"]
[Date "2003.04.12"]
[Round "2"]
[White "Lauritson, Jim"]
[Black "Shome, Devarshi"]
[Result "1-0"]
[WhiteElo "1914"]
[BlackElo "1607"]
[PlyCount "63"]
[EventDate "2003.03.30"]
[EventType "swiss"]
[EventRounds "2"]
[EventCountry "CAN"]
[Source "ChessBase"]
[SourceDate "2003.11.25"]

1. e4 e6 2. d3 d5 3. Nd2 Nc6 4. Ngf3 Bd6 5. g3 Nge7 6. Bg2 O-O 7. O-O f5 8. Nb3
f4 9. Qe2 Ng6 10. Bd2 dxe4 11. Qxe4 e5 12. Bc3 Bf5 13. Qd5+ Kh8 14. Rae1 Qd7
15. Nc5 Bxc5 16. Qxc5 Rae8 17. Nxe5 Ncxe5 18. Bxe5 Bh3 19. f3 b6 20. Qc3 Bxg2
21. Kxg2 fxg3 22. hxg3 c5 23. Re3 Rf5 24. Bxg7+ Kg8 25. Bh6 Rxe3 26. Bxe3 Rh5
27. Qc4+ Kg7 28. Qg4 Qd5 29. Re1 Re5 30. Kf2 h5 31. Qc4 Qc6 32. Bd4 1-0

[Event "Game a Month op"]
[Site "Winnipeg CAN"]
[Date "2003.04.12"]
[Round "2"]
[White "Taylor, Evan"]
[Black "Sigurdson, Matthew"]
[Result "1/2-1/2"]
[WhiteElo "1420"]
[BlackElo "964"]
[PlyCount "119"]
[EventDate "2003.03.30"]
[EventType "swiss"]
[EventRounds "2"]
[EventCountry "CAN"]
[Source "ChessBase"]
[SourceDate "2003.11.25"]

1. d4 Nf6 2. c4 e5 3. dxe5 Ng4 4. Nf3 Nc6 5. e3 Ngxe5 6. Nxe5 Nxe5 7. Nc3 d6 8.
Be2 Be6 9. b3 g6 10. O-O Bg7 11. Bb2 O-O 12. Qc2 Qe7 13. Rfd1 f5 14. Qd2 Rf7
15. Nd5 Bxd5 16. Qxd5 Nc6 17. Bxg7 Kxg7 18. Qd2 Re8 19. Bf3 Qe5 20. Bxc6 bxc6
21. Qd4 c5 22. Qxe5+ Rxe5 23. Kf1 f4 24. Ke2 fxe3 25. fxe3 Rff5 26. Rf1 Kf6 27.
g4 Rxf1 28. Rxf1+ Ke7 29. Kd2 Re4 30. Rf4 Rxf4 31. exf4 Kf6 32. Ke3 c6 33. Ke4
Ke6 34. f5+ Kf6 35. fxg6 hxg6 36. h4 Ke6 37. h5 d5+ 38. cxd5+ cxd5+ 39. Ke3
gxh5 40. gxh5 Kf5 41. h6 Kg6 42. h7 Kxh7 43. Kf4 d4 44. Ke4 Kg6 45. b4 cxb4 46.
Kxd4 Kf6 47. Kc4 Ke6 48. Kxb4 Kd6 49. Kb5 Kc7 50. a3 Kb7 51. Ka5 a6 52. a4 Ka7
53. Kb4 Kb6 54. a5+ Kc6 55. Kc4 Kd6 56. Kb3 Kc5 57. Ka4 Kc4 58. Ka3 Kb5 59. Ka2
Ka4 60. Ka1 1/2-1/2

[Event "Granby"]
[Site "Granby CAN"]
[Date "2003.10.03"]
[Round "1"]
[White "Bolduc, Steve"]
[Black "Marcone, Malcom"]
[Result "1-0"]
[WhiteElo "2274"]
[BlackElo "1988"]
[PlyCount "53"]
[EventDate "2003.10.03"]
[EventType "swiss"]
[EventRounds "5"]
[EventCountry "CAN"]

1. d4 Nf6 2. c4 c5 3. d5 b5 4. cxb5 a6 5. f3 axb5 6. e4 Qa5+ 7. Bd2 b4 8. Na3
g6 9. Nc4 Qc7 10. Nh3 d6 11. Nf2 Bg7 12. Be2 Nbd7 13. O-O Nb6 14. a3 Nxc4 15.
Bxc4 bxa3 16. Rxa3 Rxa3 17. bxa3 Nd7 18. Nd3 Nb6 19. Ba5 Qa7 20. Bxb6 Qxb6 21.
Qa4+ Bd7 22. Qa8+ Qd8 23. Qa7 O-O 24. Rb1 Bd4+ 25. Kh1 f5 26. e5 dxe5 27. Rb7
1-0

[Event "Grand Prix-A"]
[Site "Winnipeg CAN"]
[Date "2003.11.04"]
[Round "1"]
[White "Lipnowski, Samuel"]
[Black "Kaptsan, Aron"]
[Result "1-0"]
[WhiteElo "2173"]
[BlackElo "1922"]
[PlyCount "77"]
[EventDate "2003.11.04"]
[EventType "tourn"]
[EventRounds "6"]
[EventCountry "CAN"]

1. e4 e5 2. Nf3 Nc6 3. Bb5 a6 4. Ba4 Nf6 5. O-O Be7 6. Re1 b5 7. Bb3 d6 8. c3
O-O 9. h3 Nb8 10. a4 Bb7 11. d3 Nbd7 12. Be3 d5 13. exd5 Nxd5 14. Nbd2 Nxe3 15.
Rxe3 Bc5 16. Re2 Bd6 17. Ne4 h6 18. Re3 Kh8 19. Nxd6 cxd6 20. d4 e4 21. Nd2 d5
22. axb5 axb5 23. Rxa8 Qxa8 24. Rg3 Nf6 25. Nf1 Bc8 26. Ne3 Be6 27. Kh2 Qb8 28.
Kg1 Rc8 29. Nc2 Qf4 30. Re3 Qh4 31. Nb4 Ra8 32. Qc1 Qg5 33. Re1 Qf5 34. Qe3 Qg5
35. Qxg5 hxg5 36. f3 exf3 37. gxf3 Bxh3 38. Nxd5 Be6 39. Nc7 1-0

[Event "Grand Prix-A"]
[Site "Winnipeg CAN"]
[Date "2003.11.04"]
[Round "1"]
[White "Schulz, Waldemar"]
[Black "Babb, Jeff"]
[Result "1-0"]
[WhiteElo "2044"]
[BlackElo "2152"]
[PlyCount "135"]
[EventDate "2003.11.04"]
[EventType "tourn"]
[EventRounds "6"]
[EventCountry "CAN"]

1. Nf3 f5 2. d4 Nf6 3. g3 g6 4. Bg2 Bg7 5. O-O O-O 6. c4 d6 7. Nc3 Qe8 8. d5
Na6 9. Nd4 Bd7 10. e4 fxe4 11. Nxe4 Nxe4 12. Bxe4 Nc5 13. Bg2 a5 14. Be3 c6 15.
Qd2 e6 16. dxe6 Bxe6 17. Nxe6 Qxe6 18. Rad1 Qxc4 19. Qxd6 Na6 20. b3 Qb4 21.
Qxb4 axb4 22. Rd7 Rf7 23. Rfd1 Re8 24. Bf1 b5 25. Bg2 Nb8 26. Rxf7 Kxf7 27. Ba7
Bc3 28. Bxb8 Rxb8 29. Bxc6 Rb6 30. Be4 Kf6 31. h4 Ke5 32. f3 Ra6 33. Bb1 h6 34.
f4+ Kf6 35. Rd5 Re6 36. Kf2 Be1+ 37. Kf3 Rc6 38. Rxb5 Rc3+ 39. Ke2 Bxg3 40.
Rb6+ Ke7 41. Rxb4 Bxh4 42. Bxg6 Rc6 43. Be4 Ra6 44. a4 Bf6 45. Rb5 Bc3 46. Kd3
Be1 47. Bb7 Rf6 48. a5 Bf2 49. Ke4 Kd6 50. a6 Kc7 51. Ke5 Rd6 52. f5 Bd4+ 53.
Ke4 Bf2 54. Rb4 h5 55. Ke5 Bg3+ 56. Ke4 Bf2 57. Ra4 Kb8 58. Rc4 Ka7 59. Rc8 h4
60. Rh8 Bg3 61. b4 Be1 62. b5 Bg3 63. Bc6 Bf2 64. Rh7+ Kb6 65. a7 Rd8 66. a8=Q
Rxa8 67. Bxa8 Kxb5 68. f6 1-0

[Event "Grand Prix-A"]
[Site "Winnipeg CAN"]
[Date "2003.11.18"]
[Round "2"]
[White "Kaptsan, Aron"]
[Black "Babb, Jeff"]
[Result "1/2-1/2"]
[WhiteElo "1922"]
[BlackElo "2152"]
[PlyCount "110"]
[EventDate "2003.11.04"]
[EventType "tourn"]
[EventRounds "6"]
[EventCountry "CAN"]

1. d4 Nf6 2. c4 c5 3. d5 b5 4. cxb5 a6 5. bxa6 g6 6. g3 Bxa6 7. b3 Bg7 8. Bb2
Qa5+ 9. Bc3 Qc7 10. Bg2 d6 11. Nf3 O-O 12. Nfd2 Nbd7 13. Nc4 Bxc4 14. bxc4 Nb6
15. Qd3 Na4 16. O-O Nxc3 17. Nxc3 Ra3 18. Qc2 Qa5 19. Nb5 Ra4 20. a3 Nd7 21.
Rac1 Nb6 22. Qe4 Bf6 23. Rc2 Rb8 24. Rfc1 Nxc4 25. Rxc4 Rxc4 26. Qxc4 Rxb5 27.
Be4 Rb2 28. Kg2 Qxa3 29. Bd3 Rb4 30. Qc2 Qb2 31. Qxb2 Rxb2 32. Kf3 Kg7 33. Rc2
Rb3 34. Kg2 Bd4 35. Bc4 Rb4 36. e3 Bb2 37. Kf3 f5 38. Ke2 Kf6 39. Kd3 Rb8 40.
Re2 g5 41. f4 Ba3 42. Ra2 Bb4 43. Ra7 h6 44. Ra2 Rd8 45. e4 gxf4 46. gxf4 Rg8
47. e5+ dxe5 48. Ra6+ Kg7 49. fxe5 Rd8 50. Ra7 Kg6 51. Ke3 Kg5 52. Rxe7 Bc3 53.
Rg7+ Kh4 54. Rh7 Bxe5 55. Rxh6+ Kg5 1/2-1/2

[Event "Grand Prix-A"]
[Site "Winnipeg CAN"]
[Date "2003.11.18"]
[Round "2"]
[White "Lipnowski, Samuel"]
[Black "Schulz, Waldemar"]
[Result "1/2-1/2"]
[WhiteElo "2173"]
[BlackElo "2044"]
[PlyCount "160"]
[EventDate "2003.11.04"]
[EventType "tourn"]
[EventRounds "6"]
[EventCountry "CAN"]

1. e4 d6 2. d4 Nf6 3. Nc3 g6 4. Nf3 c6 5. a4 Bg7 6. Be2 O-O 7. O-O Bg4 8. Be3
Qc7 9. Qd2 Re8 10. Rfe1 Nbd7 11. h3 Bxf3 12. Bxf3 e5 13. Rad1 a6 14. dxe5 dxe5
15. g3 Rad8 16. Qe2 Nf8 17. Rxd8 Rxd8 18. Rd1 Ne6 19. Rxd8+ Qxd8 20. Qd1 Nd4
21. Kg2 Qd7 22. a5 Qd8 23. Ne2 Qxa5 24. Nxd4 exd4 25. Bxd4 Qc7 26. c3 Qe7 27.
Qd3 c5 28. Be3 b5 29. Bf4 Bf8 30. e5 Qd7 31. Qxd7 Nxd7 32. Bb7 b4 33. cxb4 cxb4
34. Bxa6 Bg7 35. e6 fxe6 36. b3 Kf7 37. Bd6 Bc3 38. Kf3 Kf6 39. Ke4 Ne5 40. Bb5
Nf7 41. Bc5 Ng5+ 42. Ke3 Nxh3 43. f4 g5 44. Kf3 gxf4 45. gxf4 e5 46. fxe5+ Kxe5
47. Be3 h6 48. Bxh6 Kf6 49. Kg4 Nf2+ 50. Kf3 Nh3 51. Ke4 Ng5+ 52. Kd5 Nf3 53.
Be3 Nd2 54. Bc4 Kf5 55. Bd3+ Kf6 56. Bc2 Ke7 57. Bc5+ Kf6 58. Kc6 Ke5 59. Kb5
Kd5 60. Bh7 Ke5 61. Bg8 Ke4 62. Kc6 Kd3 63. Bh7+ Ke2 64. Bc2 Kf3 65. Kd5 Ke2
66. Ke6 Nf3 67. Kd5 Nd2 68. Be7 Nf3 69. Ke4 Nd2+ 70. Kf4 Nf3 71. Bg6 Nd4 72.
Bf7 Kd2 73. Ke4 Kc2 74. Bc5 Nxb3 75. Bb6 Nd2+ 76. Ke3 b3 77. Bg6+ Kd1 78. Kd3
b2 79. Kxc3 b1=Q 80. Bxb1 Nxb1+ 1/2-1/2

[Event "Grand Prix-A"]
[Site "Winnipeg CAN"]
[Date "2003.11.25"]
[Round "3"]
[White "Babb, Jeff"]
[Black "Lipnowski, Samuel"]
[Result "1/2-1/2"]
[WhiteElo "2152"]
[BlackElo "2173"]
[PlyCount "101"]
[EventDate "2003.11.04"]
[EventType "tourn"]
[EventRounds "6"]
[EventCountry "CAN"]

1. e4 d5 2. exd5 Qxd5 3. Nc3 Qd6 4. g3 Nf6 5. Bg2 a6 6. Nf3 Nc6 7. d3 Bg4 8. h3
Bh5 9. Bg5 O-O-O 10. O-O h6 11. Be3 g5 12. g4 Bg6 13. Rb1 Bg7 14. Nd2 h5 15.
Nc4 Qd7 16. Na4 Kb8 17. Nc5 Qc8 18. Nxa6+ bxa6 19. Bxc6 Be4 20. Bxe4 Nxe4 21.
Qf3 Nf6 22. Ne5 hxg4 23. hxg4 Rd6 24. Rfe1 Rh4 25. Bxg5 Nxg4 26. Bxh4 Nxe5 27.
Rxe5 Bxe5 28. Bg3 Rf6 29. Qg2 Qf5 30. Re1 Bxg3 31. fxg3 Qa5 32. Re4 Qb6+ 33. d4
Qxb2 34. Qd2 Qb5 35. Qe2 Qb1+ 36. Kg2 Rc6 37. c4 Rb6 38. Re3 e6 39. c5 Rb2 40.
Rb3+ Rxb3 41. axb3 Qxb3 42. Qxa6 Qd5+ 43. Kh2 Qxd4 44. Qb5+ Kc8 45. Qe8+ Kb7
46. Qb5+ Kc8 47. Qe8+ Qd8 48. Qxf7 Qd2+ 49. Kh3 Qh6+ 50. Kg4 Kb7 51. Qf3+
1/2-1/2

[Event "Grand Prix-A"]
[Site "Winnipeg CAN"]
[Date "2003.11.25"]
[Round "3"]
[White "Schulz, Waldemar"]
[Black "Kaptsan, Aron"]
[Result "1/2-1/2"]
[WhiteElo "2044"]
[BlackElo "1922"]
[PlyCount "28"]
[EventDate "2003.11.04"]
[EventType "tourn"]
[EventRounds "6"]
[EventCountry "CAN"]

1. Nf3 Nf6 2. c4 e6 3. g3 c5 4. Bg2 d5 5. cxd5 Nxd5 6. O-O Be7 7. Nc3 O-O 8.
Nxd5 Qxd5 9. d4 Rd8 10. Be3 Qc4 11. b3 Qa6 12. Qc2 cxd4 13. Nxd4 Bd7 14. Rfd1
Nc6 1/2-1/2

[Event "Grand Prix-A"]
[Site "Winnipeg CAN"]
[Date "2003.12.02"]
[Round "4"]
[White "Babb, Jeff"]
[Black "Schulz, Waldemar"]
[Result "1/2-1/2"]
[WhiteElo "2152"]
[BlackElo "2044"]
[PlyCount "152"]
[EventDate "2003.11.04"]
[EventType "tourn"]
[EventRounds "6"]
[EventCountry "CAN"]

1. c4 Nf6 2. Nc3 d5 3. cxd5 Nxd5 4. g3 g6 5. Bg2 Nxc3 6. bxc3 Bg7 7. Rb1 c6 8.
Nf3 Nd7 9. O-O O-O 10. Ba3 Nb6 11. Ng5 Nc4 12. Bc1 Nd6 13. Qb3 h6 14. Ne4 Be6
15. Qc2 Nxe4 16. Bxe4 Qd7 17. c4 Rac8 18. Bb2 Bxb2 19. Rxb2 b5 20. Bxg6 Bxc4
21. Bf5 Be6 22. Bxe6 Qxe6 23. d4 Rfd8 24. e3 Qd5 25. Qe2 a6 26. Rc1 c5 27. Qg4+
Kh7 28. dxc5 Rxc5 29. Rxc5 Qxc5 30. Qe4+ Kg7 31. Rc2 Rd1+ 32. Kg2 Qd5 33. Qxd5
Rxd5 34. Kf3 Rd6 35. Ke2 Kf6 36. Rc5 Rb6 37. Kd3 Kg6 38. Kc3 Re6 39. Kb3 f6 40.
a4 bxa4+ 41. Kxa4 Rb6 42. Rc2 Rb5 43. f3 Rd5 44. Kb4 Rd3 45. Re2 e5 46. Kc4 Rd1
47. Ra2 Rd6 48. Kc3 h5 49. Ra4 Kg5 50. h4+ Kg6 51. g4 Kh6 52. Re4 Kg6 53. Kc4
Rd1 54. gxh5+ Kxh5 55. f4 exf4 56. Rxf4 Rd6 57. e4 Re6 58. Kd4 Kg6 59. Rf5 Rb6
60. Ra5 Kh6 61. Ke3 Kg6 62. Kf4 Kh6 63. Rc5 Kg6 64. Rc8 Rb5 65. Rd8 Rh5 66. Kg4
Re5 67. Rd4 a5 68. Kf4 Rh5 69. Kg3 Re5 70. Kf3 f5 71. exf5+ Rxf5+ 72. Kg4 Rf6
73. h5+ Kh6 74. Ra4 Ra6 75. Kh4 Kg7 76. Kg5 Kh7 1/2-1/2

[Event "Grand Prix-A"]
[Site "Winnipeg CAN"]
[Date "2003.12.02"]
[Round "4"]
[White "Kaptsan, Aron"]
[Black "Lipnowski, Samuel"]
[Result "1-0"]
[WhiteElo "1922"]
[BlackElo "2173"]
[PlyCount "185"]
[EventDate "2003.11.04"]
[EventType "tourn"]
[EventRounds "6"]
[EventCountry "CAN"]

1. d4 d5 2. c4 c6 3. Nc3 Nf6 4. e3 e6 5. Bd3 Nbd7 6. Nf3 Be7 7. O-O O-O 8. e4
dxe4 9. Nxe4 b6 10. Bf4 Nh5 11. Be3 Qc7 12. Re1 Nf4 13. Bf1 Bb7 14. c5 Nd5 15.
Bg5 N7f6 16. Rc1 Rad8 17. Qa4 b5 18. Qc2 Nxe4 19. Qxe4 h6 20. Bd3 g6 21. Bxh6
Rfe8 22. Bg5 Bxg5 23. Nxg5 Qf4 24. Nf3 Kg7 25. Qxf4 Nxf4 26. Bf1 Rh8 27. h4 Rh5
28. g3 Nd5 29. a3 Ne7 30. Bd3 Rhd5 31. Be4 R5d7 32. Kf1 a5 33. Ke2 b4 34. Ke3
Ba6 35. Red1 Rb7 36. a4 b3 37. Ne5 Rc8 38. Nc4 Rb4 39. Nxa5 Nd5+ 40. Bxd5 exd5
41. Rd2 Rxa4 42. Nxb3 Bc4 43. Rc3 Re8+ 44. Kf3 Re4 45. Kg2 Rb4 46. f3 Re7 47.
Na5 Bb5 48. Ra3 Re1 49. g4 Rb1 50. Rb3 Ra4 51. Nb7 Raa1 52. Kg3 Ba4 53. Rb6 f6
54. Kf4 Kh6 55. g5+ Kg7 56. gxf6+ Kxf6 57. Nd8 Rh1 58. Nxc6 Rxh4+ 59. Kg3 Kg5
60. Ne7 Be8 61. Nxd5 Rah1 62. f4+ Kh6 63. Kf3 R4h3+ 64. Ke2 Bd7 65. Ne3 R1h2+
66. Kd1 Rh1+ 67. Ke2 R1h2+ 68. Kd1 Rh1+ 69. Kc2 Rxe3 70. b3 Bf5+ 71. Kb2 Rb1+
72. Ka3 Ra1+ 73. Kb4 Rb1 74. Kc4 Rc1+ 75. Kd5 Be4+ 76. Kd6 Bf5 77. d5 Rb1 78.
b4 Re4 79. Rb7 Rxf4 80. b5 g5 81. c6 g4 82. Kc7 g3 83. Rg2 Rb3 84. d6 Rf2 85.
Rg1 Rd3 86. d7 Bxd7 87. cxd7 Rf7 88. Kd8 Rf2 89. Rb6+ Kg5 90. Ke7 Kf4 91. Rf6+
Ke5 92. Rxf2 gxf2 93. Rf1 1-0

[Event "Grand Prix-A"]
[Site "Winnipeg CAN"]
[Date "2003.12.09"]
[Round "5"]
[White "Babb, Jeff"]
[Black "Kaptsan, Aron"]
[Result "1-0"]
[WhiteElo "2152"]
[BlackElo "1922"]
[PlyCount "61"]
[EventDate "2003.11.04"]
[EventType "tourn"]
[EventRounds "6"]
[EventCountry "CAN"]

1. e4 g6 2. Nc3 Bg7 3. g3 c5 4. Bg2 Nc6 5. d3 e6 6. Be3 Nd4 7. Nce2 Ne7 8. c3
Nxe2 9. Nxe2 b6 10. d4 cxd4 11. Nxd4 Bb7 12. Qd2 O-O 13. h4 Nf5 14. Nxf5 exf5
15. O-O-O Bc6 16. h5 fxe4 17. hxg6 fxg6 18. Bh3 Qe7 19. Qd6 Qxd6 20. Rxd6 Be5
21. Bxd7 Bxd6 22. Bxc6 Bc5 23. Bxc5 bxc5 24. Bxa8 Rxa8 25. Kd2 Rb8 26. Rb1 Rf8
27. Ke3 h5 28. Rd1 Rf3+ 29. Ke2 Kg7 30. Rd5 Rf5 31. Rxf5 1-0

[Event "Grand Prix-A"]
[Site "Winnipeg CAN"]
[Date "2003.12.09"]
[Round "5"]
[White "Schulz, Waldemar"]
[Black "Lipnowski, Samuel"]
[Result "1/2-1/2"]
[WhiteElo "2044"]
[BlackElo "2173"]
[PlyCount "145"]
[EventDate "2003.11.04"]
[EventType "tourn"]
[EventRounds "6"]
[EventCountry "CAN"]

1. Nf3 Nf6 2. g3 g6 3. Bg2 Bg7 4. O-O O-O 5. d4 d6 6. c4 Nbd7 7. Nc3 e5 8. e3
Re8 9. Qc2 c6 10. dxe5 dxe5 11. Rd1 Qe7 12. e4 Nf8 13. b3 Bg4 14. Be3 Ne6 15.
Rd2 Bxf3 16. Bxf3 Nd4 17. Qd1 Rad8 18. Bg2 Qe6 19. f3 Rd7 20. Qe1 Red8 21. Rad1
h5 22. Qf2 h4 23. Ne2 Nh5 24. g4 Nxe2+ 25. Qxe2 Nf4 26. Qf2 h3 27. Bf1 b6 28.
Rxd7 Rxd7 29. Rxd7 Qxd7 30. Qd2 Qe7 31. Bxf4 exf4 32. Bxh3 Qc5+ 33. Kh1 Qe5 34.
Bf1 Bf8 35. b4 Kg7 36. b5 c5 37. Be2 Be7 38. Bd1 Bf6 39. a4 Qa1 40. Kg2 Bc3 41.
Qe2 Qc1 42. Qc2 Qe3 43. Qe2 Qd4 44. Bc2 Qf6 45. Qd3 Bd4 46. Qe2 Be3 47. Qd3 Qh4
48. Qe2 Kf6 49. Bb1 Ke5 50. Qb2+ Bd4 51. Qe2 Qd8 52. Bc2 Kf6 53. Qd3 Qd6 54.
e5+ Kxe5 55. Qe4+ Kf6 56. h4 Kg7 57. h5 Be3 58. Qd3 Qf6 59. hxg6 Qh4 60. Qf1
fxg6 61. Be4 Qg3+ 62. Kh1 Qh4+ 63. Kg2 Qf6 64. Bc2 Qh4 65. Be4 Kf6 66. Qa1+ Bd4
67. Qf1 Kg5 68. Bd5 Be3 69. Be4 Qh8 70. Bc2 Qb2 71. Qd3 Qf6 72. Kf1 Qa1+ 73.
Qd1 1/2-1/2

[Event "Grand Prix-A"]
[Site "Winnipeg CAN"]
[Date "2003.12.16"]
[Round "6"]
[White "Kaptsan, Aron"]
[Black "Schulz, Waldemar"]
[Result "0-1"]
[WhiteElo "2049"]
[BlackElo "2068"]
[PlyCount "38"]
[EventDate "2003.11.04"]
[EventType "tourn"]
[EventRounds "6"]
[EventCountry "CAN"]

1. d4 d5 2. c4 e6 3. Nc3 Nf6 4. Bg5 Nbd7 5. e3 c6 6. Nf3 Qa5 7. Nd2 Bb4 8. Qc2
dxc4 9. Bxf6 Nxf6 10. Nxc4 Qc7 11. a3 Be7 12. Rc1 O-O 13. Be2 Rd8 14. O-O Bd7
15. Ne5 Be8 16. Ne4 Rac8 17. f4 Nd5 18. Qd2 Nf6 19. Nc5 Bxc5 0-1

[Event "Grand Prix-A"]
[Site "Winnipeg CAN"]
[Date "2003.12.16"]
[Round "6"]
[White "Lipnowski, Samuel"]
[Black "Babb, Jeff"]
[Result "1/2-1/2"]
[WhiteElo "2077"]
[BlackElo "2171"]
[PlyCount "51"]
[EventDate "2003.11.04"]
[EventType "tourn"]
[EventRounds "6"]
[EventCountry "CAN"]

1. e4 e5 2. Nf3 Nc6 3. Bb5 a6 4. Ba4 Nf6 5. O-O Nxe4 6. d4 b5 7. Bb3 d5 8. dxe5
Be6 9. Nbd2 Be7 10. c3 O-O 11. Re1 Nc5 12. Bc2 d4 13. cxd4 Nxd4 14. Nxd4 Qxd4
15. Qh5 Nd3 16. Bxd3 Qxd3 17. Ne4 Bd5 18. Qg4 h5 19. Qf5 Bxe4 20. Qxe4 Qxe4 21.
Rxe4 Rfd8 22. Be3 c5 23. Rf1 Rd5 24. f4 f5 25. exf6 Bxf6 26. b3 1/2-1/2